Movies Quiz

Random Movies Quiz

Name the Movie Quiz Stats

 Plays Quiz not verified by Sporcle

Challenge
Share
Tweet
Embed
Score 0/10 Timer 10:00
0 Plays Today
Character Movie % Correct
Joe ____Joe Dirt
52.6%
Bo & Luke _____Dukes of Hazard
42.1%
StifflerAmerican Reunion
42.1%
Roy MunsonKing Pin
36.8%
MikaEuroTrip
31.6%
Private CowboyFull Metal Jacket
31.6%
DraculaBlade
5.3%
Daren RoanokeThe Love Guru
0%
Jason _____Bourn Trilogoy
0%
Ricky BobbyTalledaga Nights
0%

You're not logged in!

Compare scores with friends on all Sporcle quizzes.
OR
Log In

You Might Also Like...

Show Comments

Extras

Created Jul 17, 2012ReportNominate
Tags:character

Top Quizzes Today


Score Distribution

Your Account Isn't Verified!

In order to create a playlist on Sporcle, you need to verify the email address you used during registration. Go to your Sporcle Settings to finish the process.

Report this User

Report this user for behavior that violates our Community Guidelines.

Details: